[Event "WCO 2016"]
[Site "?"]
[Date "2016.09.11"]
[Round "9"]
[Board "22"]
[WhiteID "3700488"]
[White "Bachmann Axel"]
[BlackID "13800698"]
[Black "Markov Mikhail"]
[Result "1-0"]
[BlackElo "2433"]
[WhiteElo "2641"]
[LiveChessVersion "1.4.8"]

1. e4 c5 {[%clk 1:30:52]} 2. Nf3 {[%clk 1:31:04]} d6 {[%clk 1:31:11]} 3. Nc3
{[%clk 1:29:09]} a6 {[%clk 1:30:58]} 4. d4 {[%clk 1:28:16]} cxd4 {[%clk 1:31:24]}
5. Nxd4 {[%clk 1:28:43]} Nf6 {[%clk 1:30:42]} 6. h3 {[%clk 1:26:37]} Nc6
{[%clk 1:27:17]} 7. g4 {[%clk 1:26:32]} e5 {[%clk 1:20:27]} 8. Nb3
{[%clk 1:21:32]} Be6 {[%clk 1:18:05]} 9. g5 {[%clk 1:17:51]} Nd7 {[%clk 1:14:47]}
10. h4 {[%clk 1:18:13]} Nc5 {[%clk 1:12:57]} 11. Be3 {[%clk 1:12:41]} Be7
{[%clk 1:11:05]} 12. Qd2 {[%clk 1:04:52]} Rc8 {[%clk 1:10:35]} 13. O-O-O
{[%clk 0:58:50]} b5 {[%clk 1:00:16]} 14. Kb1 {[%clk 0:57:47]} Nxb3
{[%clk 0:52:28]} 15. cxb3 {[%clk 0:57:25]} f5 {[%clk 0:49:35]} 16. gxf6
{[%clk 0:45:46]} Bxf6 {[%clk 0:43:46]} 17. Qxd6 {[%clk 0:41:50]} Kf7
{[%clk 0:42:50]} 18. Qa3 {[%clk 0:33:56]} Nd4 {[%clk 0:34:55]} 19. Bh3
{[%clk 0:26:20]} Bxh3 {[%clk 0:28:11]} 20. Rxh3 {[%clk 0:26:44]} Qc7
{[%clk 0:28:30]} 21. b4 {[%clk 0:19:42]} Qc4 {[%clk 0:22:51]} 22. Rhh1
{[%clk 0:19:15]} Rhd8 {[%clk 0:22:23]} 23. f3 {[%clk 0:16:20]} Be7
{[%clk 0:17:32]} 24. Bxd4 {[%clk 0:16:02]} Bxb4 {[%clk 0:13:39]} 25. Qxa6
{[%clk 0:15:20]} Rxd4 {[%clk 0:13:35]} 26. Qb7+ {[%clk 0:15:11]} Kf8
{[%clk 0:12:34]} 27. Qxb5 {[%clk 0:09:11]} Bxc3 {[%clk 0:11:19]} 28. Qxc4
{[%clk 0:09:39]} Rdxc4 {[%clk 0:11:22]} 29. bxc3 {[%clk 0:10:04]} Rxc3
{[%clk 0:11:47]} 30. Rhf1 {[%clk 0:09:55]} Rb8+ {[%clk 0:10:56]} 31. Ka1
{[%clk 0:10:23]} Rc2 {[%clk 0:10:44]} 32. Rb1 {[%clk 0:10:49]} Ra8
{[%clk 0:10:00]} 33. Rb2 {[%clk 0:11:15]} Rc3 {[%clk 0:10:20]} 34. Kb1
{[%clk 0:11:38]} Re3 {[%clk 0:09:02]} 35. Rb7 {[%clk 0:11:23]} Re2
{[%clk 0:08:34]} 36. Rb2 {[%clk 0:11:51]} Re3 {[%clk 0:09:04]} 37. h5
{[%clk 0:07:23]} Raa3 {[%clk 0:08:01]} 38. Rb8+ {[%clk 0:04:29]} Kf7
{[%clk 0:08:06]} 39. Rb7+ {[%clk 0:04:33]} Kf6 {[%clk 0:08:02]} 40. Rg1
{[%clk 0:34:51]} Rxf3 {[%clk 0:34:06]} 41. Rbxg7 {[%clk 0:35:11]} Ke6
{[%clk 0:29:01]} 42. Rxh7 {[%clk 0:34:57]} Kd6 {[%clk 0:27:57]} 43. Rd1+
{[%clk 0:34:51]} Kc6 {[%clk 0:27:28]} 44. Rh6+ {[%clk 0:33:37]} Kc5
{[%clk 0:27:24]} 45. Rd5+ {[%clk 0:33:58]} Kc4 {[%clk 0:27:45]} 46. Rc6+
{[%clk 0:33:25]} Kb4 {[%clk 0:28:11]} 47. Rb6+ {[%clk 0:29:43]} Kc3
{[%clk 0:24:28]} 48. Rc6+ {[%clk 0:29:07]} Kb4 {[%clk 0:24:54]} 49. Rc2
{[%clk 0:24:36]} Rac3 {[%clk 0:10:28]} 50. Rxe5 {[%clk 0:22:14]} Kc4
{[%clk 0:09:41]} 51. h6 {[%clk 0:19:10]} Rh3 {[%clk 0:09:46]} 52. Re6
{[%clk 0:18:34]} Rxc2 {[%clk 0:09:54]} 53. Kxc2 {[%clk 0:18:58]} Rh2+
{[%clk 0:10:21]} 54. Kb1 {[%clk 0:18:55]} Kc3 {[%clk 0:09:34]} 55. Rc6+
{[%clk 0:19:19]} Kd4 {[%clk 0:10:00]} 56. a4 {[%clk 0:19:45]} Kxe4
{[%clk 0:08:27]} 57. a5 {[%clk 0:20:09]} Kd5 {[%clk 0:08:57]} 58. Rg6
{[%clk 0:20:25]} 1-0

[Event "WCO 2016"]
[Site "?"]
[Date "2016.09.11"]
[Round "9"]
[Board "23"]
[WhiteID "13800574"]
[White "Tologontegin Semetey"]
[BlackID "2209381"]
[Black "Franco Ocampos Zenon"]
[Result "0-1"]
[BlackElo "2496"]
[WhiteElo "2350"]
[LiveChessVersion "1.4.8"]

1. d4 {[%clk 1:30:57]} Nf6 {[%clk 1:30:49]} 2. c4 {[%clk 1:31:19]} e6
{[%clk 1:31:10]} 3. Nc3 {[%clk 1:31:43]} Bb4 {[%clk 1:31:20]} 4. e3
{[%clk 1:32:03]} O-O {[%clk 1:31:04]} 5. Nge2 {[%clk 1:32:22]} d5
{[%clk 1:31:07]} 6. a3 {[%clk 1:32:33]} Be7 {[%clk 1:31:27]} 7. cxd5
{[%clk 1:32:43]} exd5 {[%clk 1:31:37]} 8. g3 {[%clk 1:32:38]} Nbd7
{[%clk 1:26:54]} 9. Bg2 {[%clk 1:32:40]} Nb6 {[%clk 1:25:33]} 10. O-O
{[%clk 1:21:30]} Re8 {[%clk 1:24:54]} 11. Qc2 {[%clk 1:16:11]} c6
{[%clk 1:20:28]} 12. Bd2 {[%clk 1:12:25]} Nc4 {[%clk 1:18:35]} 13. Rad1
{[%clk 1:12:25]} Bf8 {[%clk 1:18:35]} 14. Bc1 {[%clk 1:12:25]} Nd6
{[%clk 1:18:35]} 15. f3 {[%clk 1:12:25]} Bf5 {[%clk 1:18:35]} 16. Qb3
{[%clk 0:43:25]} h5 {[%clk 1:00:22]} 17. Nf4 {[%clk 0:38:33]} Qb6
{[%clk 0:54:12]} 18. Qa2 {[%clk 0:21:43]} Bc2 {[%clk 0:43:08]} 19. Rde1
{[%clk 0:20:39]} a5 {[%clk 0:23:24]} 20. Rf2 {[%clk 0:13:22]} Bh7
{[%clk 0:21:58]} 21. Nh3 {[%clk 0:10:36]} a4 {[%clk 0:20:46]} 22. Ng5
{[%clk 0:10:59]} Bg6 {[%clk 0:19:55]} 23. Rd1 {[%clk 0:07:45]} Nf5
{[%clk 0:16:49]} 24. Re2 {[%clk 0:06:36]} Qa7 {[%clk 0:16:01]} 25. Kh1
{[%clk 0:06:08]} Rad8 26. Ree1 {[%clk 0:03:35]} b5 {[%clk 0:14:52]} 27. Bd2
{[%clk 0:01:32]} Nd6 {[%clk 0:14:08]} 28. Re2 {[%clk 0:00:38]} Bd3
{[%clk 0:13:40]} 29. Rf2 {[%clk 0:00:48]} Nf5 {[%clk 0:13:26]} 30. Re1
{[%clk 0:01:02]} c5 {[%clk 0:13:12]} 31. dxc5 {[%clk 0:01:00]} Bxc5
{[%clk 0:13:29]} 32. Nd1 {[%clk 0:01:01]} d4 {[%clk 0:11:35]} 33. e4
{[%clk 0:01:11]} Bc4 {[%clk 0:10:11]} 34. Qb1 {[%clk 0:01:32]} d3
{[%clk 0:10:27]} 35. Rff1 {[%clk 0:01:48]} Nd4 {[%clk 0:10:48]} 36. Ne3
{[%clk 0:01:44]} Bb3 {[%clk 0:07:44]} 37. Rc1 {[%clk 0:00:49]} Ne2
{[%clk 0:07:18]} 38. Rxc5 {[%clk 0:01:02]} Qxc5 {[%clk 0:07:47]} 39. f4
{[%clk 0:01:20]} Ng4 {[%clk 0:07:33]} 40. Nxg4 {[%clk 0:30:33]} hxg4
{[%clk 0:38:01]} 41. e5 {[%clk 0:26:25]} Bd5 {[%clk 0:36:30]} 42. Ne4
{[%clk 0:25:02]} Qc6 {[%clk 0:36:32]} 43. Qxd3 {[%clk 0:24:57]} Bxe4
{[%clk 0:36:53]} 44. Bxe4 {[%clk 0:25:20]} Rxd3 {[%clk 0:37:14]} 45. Bxc6
{[%clk 0:25:47]} Rc8 {[%clk 0:37:36]} 46. Bb7 {[%clk 0:25:23]} Rb8
{[%clk 0:37:59]} 0-1

[Event "WCO 2016"]
[Site "?"]
[Date "2016.09.11"]
[Round "9"]
[Board "24"]
[WhiteID "3701107"]
[White "Latorre Matias"]
[BlackID "13801856"]
[Black "Sezdbekov Ruslan"]
[Result "1-0"]
[BlackElo "2127"]
[WhiteElo "2318"]
[LiveChessVersion "1.4.8"]

1. d4 Nf6 {[%clk 1:30:51]} 2. Bg5 {[%clk 1:30:56]} d5 {[%clk 1:30:58]} 3. e3
{[%clk 1:31:07]} e6 {[%clk 1:31:18]} 4. Bd3 {[%clk 1:29:53]} Be7 {[%clk 1:31:10]}
5. Nd2 {[%clk 1:29:53]} O-O {[%clk 1:29:55]} 6. f4 {[%clk 1:29:29]} c5
{[%clk 1:26:37]} 7. c3 {[%clk 1:29:51]} Nc6 {[%clk 1:25:46]} 8. Ngf3
{[%clk 1:29:52]} h6 {[%clk 1:21:34]} 9. Bh4 {[%clk 1:26:26]} Ng4 {[%clk 1:18:35]}
10. Bxe7 {[%clk 1:25:01]} Qxe7 {[%clk 1:18:44]} 11. Qe2 {[%clk 1:24:56]} f5
{[%clk 1:18:03]} 12. Bb5 {[%clk 0:45:20]} Bd7 {[%clk 1:14:02]} 13. Bxc6
{[%clk 0:45:12]} Bxc6 {[%clk 1:04:07]} 14. h3 {[%clk 0:45:28]} Nf6
{[%clk 1:03:35]} 15. Ne5 {[%clk 0:45:53]} Be8 {[%clk 0:53:32]} 16. O-O
{[%clk 0:34:19]} g5 {[%clk 0:34:28]} 17. fxg5 {[%clk 0:13:51]} hxg5
{[%clk 0:34:49]} 18. g4 {[%clk 0:14:20]} Nh7 {[%clk 0:21:39]} 19. Rf2
{[%clk 0:09:39]} cxd4 {[%clk 0:18:57]} 20. exd4 {[%clk 0:09:22]} Rf6
{[%clk 0:12:21]} 21. Raf1 {[%clk 0:08:50]} f4 {[%clk 0:11:34]} 22. h4
{[%clk 0:09:14]} Rh6 {[%clk 0:10:31]} 23. h5 {[%clk 0:09:33]} Nf6
{[%clk 0:08:15]} 24. Rg2 {[%clk 0:09:43]} Kh8 {[%clk 0:07:05]} 25. Nef3
{[%clk 0:09:02]} Nh7 {[%clk 0:05:04]} 26. Re1 {[%clk 0:09:08]} Bf7
{[%clk 0:04:18]} 27. Qe5+ {[%clk 0:09:26]} Qf6 {[%clk 0:04:26]} 28. Nb3
{[%clk 0:06:13]} b6 {[%clk 0:03:20]} 29. Nc1 {[%clk 0:06:27]} Rg8
{[%clk 0:02:58]} 30. Nd3 {[%clk 0:06:10]} Rg7 {[%clk 0:03:22]} 31. Qxf6
{[%clk 0:04:36]} Nxf6 {[%clk 0:03:23]} 32. Nf2 {[%clk 0:04:26]} Nd7
{[%clk 0:02:33]} 33. Nh3 {[%clk 0:02:38]} Bxh5 {[%clk 0:02:07]} 34. gxh5
{[%clk 0:02:57]} g4 {[%clk 0:02:33]} 35. Nxf4 {[%clk 0:03:13]} gxf3
{[%clk 0:02:54]} 36. Rxg7 {[%clk 0:03:24]} Kxg7 {[%clk 0:03:10]} 37. Rxe6
{[%clk 0:03:07]} Rxe6 {[%clk 0:00:54]} 38. Nxe6+ {[%clk 0:03:30]} Kh6
{[%clk 0:01:17]} 39. Kf2 {[%clk 0:02:55]} Kxh5 {[%clk 0:01:09]} 40. Kxf3
{[%clk 0:33:20]} Nf6 {[%clk 0:30:48]} 41. Kf4 {[%clk 0:31:07]} Ng4
{[%clk 0:30:24]} 42. Nc7 {[%clk 0:28:27]} Nf2 {[%clk 0:30:50]} 43. b3
{[%clk 0:28:43]} Nd3+ {[%clk 0:31:02]} 44. Ke3 1-0

[Event "WCO 2016"]
[Site "?"]
[Date "2016.09.11"]
[Round "9"]
[Board "25"]
[WhiteID "6200346"]
[White "Kongsee Uaychai"]
[BlackID "2500914"]
[Black "Baburin Alexander"]
[Result "1/2-1/2"]
[BlackElo "2487"]
[WhiteElo "2285"]
[LiveChessVersion "1.4.8"]

1. f4 {[%clk 1:30:51]} d5 {[%clk 1:30:32]} 2. Nf3 {[%clk 1:31:09]} Nf6
{[%clk 1:30:56]} 3. g3 {[%clk 1:31:31]} g6 {[%clk 1:31:18]} 4. Bg2
{[%clk 1:31:55]} Bg7 {[%clk 1:31:42]} 5. O-O {[%clk 1:32:17]} O-O
{[%clk 1:32:09]} 6. d3 {[%clk 1:32:39]} b6 {[%clk 1:31:51]} 7. Ne5
{[%clk 1:32:50]} Bb7 {[%clk 1:31:52]} 8. Nc3 {[%clk 1:33:12]} Nbd7
{[%clk 1:28:36]} 9. Nxd7 {[%clk 1:32:12]} Qxd7 {[%clk 1:27:14]} 10. e4
{[%clk 1:32:34]} c5 {[%clk 1:23:08]} 11. e5 {[%clk 1:31:25]} Ne8 {[%clk 1:19:56]}
12. d4 {[%clk 1:30:27]} cxd4 {[%clk 1:17:15]} 13. Qxd4 {[%clk 1:21:42]} e6
{[%clk 1:14:46]} 14. b3 {[%clk 1:17:27]} Nd6 {[%clk 1:05:45]} 15. Qd3
{[%clk 1:10:10]} Rfc8 {[%clk 1:01:45]} 16. Bb2 {[%clk 1:00:49]} Nf5
{[%clk 0:59:24]} 17. g4 {[%clk 0:54:18]} Ne7 {[%clk 0:55:58]} 18. Ne4
{[%clk 0:54:16]} Qc7 {[%clk 0:53:37]} 19. Nf6+ {[%clk 0:29:45]} Bxf6
{[%clk 0:49:48]} 20. exf6 {[%clk 0:30:10]} Qxc2 {[%clk 0:50:06]} 21. Qxc2
{[%clk 0:24:59]} Rxc2 {[%clk 0:48:47]} 22. fxe7 {[%clk 0:22:38]} Rxb2
{[%clk 0:47:53]} 23. Rfc1 {[%clk 0:22:59]} Re8 {[%clk 0:46:14]} 24. Rc7
{[%clk 0:23:07]} Ba6 {[%clk 0:46:24]} 25. Rxa7 {[%clk 0:15:52]} Be2
{[%clk 0:46:16]} 26. f5 {[%clk 0:12:21]} gxf5 {[%clk 0:41:50]} 27. gxf5
{[%clk 0:12:42]} Kg7 {[%clk 0:41:53]} 28. Bf1 {[%clk 0:07:18]} Kf6
{[%clk 0:38:50]} 29. Bxe2 {[%clk 0:07:42]} Rxe2 {[%clk 0:38:54]} 30. fxe6
{[%clk 0:08:04]} Kxe6 {[%clk 0:35:47]} 31. Rb7 {[%clk 0:07:38]} d4
{[%clk 0:34:00]} 32. Rd1 {[%clk 0:06:13]} Rxe7 {[%clk 0:32:44]} 33. Rxb6+
{[%clk 0:06:21]} Kd5 {[%clk 0:31:36]} 34. Rb5+ {[%clk 0:06:16]} Ke4
{[%clk 0:30:33]} 35. Kf1 {[%clk 0:03:45]} Ke3 {[%clk 0:21:04]} 36. Rd5
{[%clk 0:02:38]} Rf2+ {[%clk 0:10:07]} 37. Kg1 {[%clk 0:02:58]} f5
{[%clk 0:09:17]} 38. R5xd4 {[%clk 0:02:23]} Rg7+ {[%clk 0:09:03]} 39. Kh1
{[%clk 0:02:47]} Rxa2 {[%clk 0:08:59]} 40. R1d3+ {[%clk 0:32:59]} Ke2
{[%clk 0:34:01]} 41. Rg3 {[%clk 0:32:10]} Rxg3 {[%clk 0:31:05]} 42. hxg3
{[%clk 0:32:36]} Kf3 {[%clk 0:30:48]} 43. Rd3+ {[%clk 0:32:58]} Kg4
{[%clk 0:31:02]} 44. Kg1 {[%clk 0:33:19]} Rb2 {[%clk 0:30:43]} 45. Rc3
{[%clk 0:33:38]} h5 {[%clk 0:30:21]} 46. Rd3 {[%clk 0:33:57]} h4 {[%clk 0:29:08]}
47. gxh4 {[%clk 0:34:19]} f4 {[%clk 0:29:20]} 48. Kf1 {[%clk 0:33:31]} Kxh4
{[%clk 0:29:29]} 49. Rc3 {[%clk 0:33:55]} Kg4 {[%clk 0:29:52]} 50. Rd3
{[%clk 0:34:20]} f3 {[%clk 0:29:44]} 51. Rd8 {[%clk 0:34:41]} Rxb3
{[%clk 0:30:03]} 52. Rg8+ {[%clk 0:35:05]} Kf4 {[%clk 0:30:06]} 1/2-1/2

[Event "WCO 2016"]
[Site "?"]
[Date "2016.09.11"]
[Round "9"]
[Board "26"]
[WhiteID "628859"]
[White "Jessel Stephen"]
[BlackID "6201610"]
[Black "Kulpruethanon Thanadon"]
[Result "1-0"]
[BlackElo "2235"]
[WhiteElo "2367"]
[LiveChessVersion "1.4.8"]

1. Nf3 {[%clk 1:30:54]} d5 {[%clk 1:30:54]} 2. c4 {[%clk 1:31:08]} c6
{[%clk 1:31:18]} 3. g3 {[%clk 1:31:22]} Nf6 {[%clk 1:31:41]} 4. Bg2
{[%clk 1:31:45]} e6 {[%clk 1:32:06]} 5. b3 {[%clk 1:30:58]} Be7 {[%clk 1:32:17]}
6. O-O {[%clk 1:30:26]} O-O {[%clk 1:32:40]} 7. d4 {[%clk 1:24:59]} Nbd7
{[%clk 1:30:54]} 8. Qc2 {[%clk 1:19:27]} b6 {[%clk 1:29:42]} 9. Rd1
{[%clk 1:10:07]} Bb7 {[%clk 1:28:08]} 10. Nc3 {[%clk 1:06:54]} Ba6
{[%clk 1:19:32]} 11. e4 {[%clk 0:43:10]} dxc4 {[%clk 1:11:29]} 12. Nd2
{[%clk 0:37:08]} b5 {[%clk 1:07:06]} 13. bxc4 {[%clk 0:35:39]} bxc4
{[%clk 1:06:25]} 14. Qa4 {[%clk 0:30:51]} Qc8 {[%clk 1:02:47]} 15. Nxc4
{[%clk 0:27:31]} Nb6 {[%clk 1:02:21]} 16. Nxb6 {[%clk 0:27:43]} axb6
{[%clk 1:02:44]} 17. Qb3 {[%clk 0:25:44]} Nd7 {[%clk 0:34:36]} 18. a4
{[%clk 0:17:29]} Bb7 {[%clk 0:13:24]} 19. Bf4 {[%clk 0:13:33]} Ra5
{[%clk 0:11:16]} 20. Rac1 {[%clk 0:08:52]} Qa8 {[%clk 0:10:02]} 21. Bc7
{[%clk 0:08:09]} Bd8 {[%clk 0:03:45]} 22. Bd6 {[%clk 0:07:41]} Re8
{[%clk 0:04:14]} 23. e5 {[%clk 0:07:04]} Be7 {[%clk 0:02:39]} 24. Bxe7
{[%clk 0:04:57]} Rxe7 {[%clk 0:03:08]} 25. f4 {[%clk 0:04:56]} h6
{[%clk 0:02:57]} 26. Rb1 {[%clk 0:03:14]} Re8 {[%clk 0:03:15]} 27. Qc2
{[%clk 0:02:48]} Qa7 {[%clk 0:02:01]} 28. Be4 {[%clk 0:01:59]} Nf8
{[%clk 0:01:48]} 29. Qb2 {[%clk 0:02:00]} Nd7 {[%clk 0:01:47]} 30. Qg2
{[%clk 0:01:45]} Rc8 {[%clk 0:01:45]} 31. Kh1 {[%clk 0:01:39]} Qa8
{[%clk 0:01:47]} 32. h4 {[%clk 0:01:22]} Ra7 {[%clk 0:02:05]} 33. Rd2
{[%clk 0:01:11]} Rc7 {[%clk 0:01:44]} 34. h5 {[%clk 0:01:13]} Qf8
{[%clk 0:01:49]} 35. Rb3 {[%clk 0:00:52]} Ba6 {[%clk 0:01:10]} 36. Qf3
{[%clk 0:00:36]} Bc4 {[%clk 0:01:29]} 37. Rbb2 {[%clk 0:00:50]} Bd5
{[%clk 0:01:38]} 38. Kg2 {[%clk 0:00:38]} Qa3 {[%clk 0:01:40]} 39. Bxd5
{[%clk 0:00:35]} cxd5 {[%clk 0:01:58]} 40. Nb5 {[%clk 0:30:36]} Qxa4
{[%clk 0:30:42]} 41. Qb3 {[%clk 0:22:06]} Rc1 {[%clk 0:20:44]} 42. Nxa7
{[%clk 0:21:05]} Qa1 {[%clk 0:20:57]} 43. Kh3 {[%clk 0:09:59]} Rh1+
{[%clk 0:13:00]} 44. Rh2 {[%clk 0:09:52]} Qf1+ {[%clk 0:08:15]} 45. Rbg2
{[%clk 0:08:58]} Nf8 {[%clk 0:06:49]} 46. Qb5 {[%clk 0:07:01]} Qd1
{[%clk 0:05:12]} 47. Qe2 {[%clk 0:06:57]} 1-0

[Event "WCO 2016"]
[Site "?"]
[Date "2016.09.11"]
[Round "9"]
[Board "27"]
[WhiteID "6200206"]
[White "Pitirotjirathon Jirapak"]
[BlackID "2500990"]
[Black "Heidenfeld Mark"]
[Result "1-0"]
[BlackElo "2366"]
[WhiteElo "2205"]
[LiveChessVersion "1.4.8"]

1. d4 {[%clk 1:30:56]} d6 {[%clk 1:30:36]} 2. c4 {[%clk 1:31:01]} e5
{[%clk 1:30:46]} 3. Nf3 {[%clk 1:30:56]} e4 {[%clk 1:29:59]} 4. Ng5
{[%clk 1:30:11]} f5 {[%clk 1:30:10]} 5. Nc3 {[%clk 1:29:25]} Be7 {[%clk 1:29:25]}
6. Nh3 {[%clk 1:29:22]} Nf6 {[%clk 1:29:22]} 7. g3 {[%clk 1:29:41]} c6
{[%clk 1:28:37]} 8. Bg2 {[%clk 1:29:42]} d5 {[%clk 1:21:40]} 9. cxd5
{[%clk 1:13:41]} cxd5 {[%clk 1:21:47]} 10. Bg5 {[%clk 1:13:42]} Be6
{[%clk 1:03:07]} 11. Nf4 {[%clk 1:10:32]} Kf7 {[%clk 0:57:17]} 12. O-O
{[%clk 1:03:49]} Nc6 {[%clk 0:53:38]} 13. f3 {[%clk 0:44:16]} Qb6
{[%clk 0:48:28]} 14. e3 {[%clk 0:44:03]} Rhd8 {[%clk 0:46:51]} 15. fxe4
{[%clk 0:40:21]} dxe4 {[%clk 0:38:59]} 16. Bxf6 {[%clk 0:38:42]} Bxf6
{[%clk 0:37:31]} 17. Qh5+ {[%clk 0:34:10]} Ke7 {[%clk 0:37:06]} 18. Nxe6
{[%clk 0:33:52]} g6 {[%clk 0:36:56]} 19. Qxh7+ {[%clk 0:32:35]} Kxe6
{[%clk 0:37:14]} 20. d5+ {[%clk 0:25:08]} 1-0

[Event "WCO 2016"]
[Site "?"]
[Date "2016.09.11"]
[Round "9"]
[Board "28"]
[WhiteID "2500434"]
[White "Daly Colm"]
[BlackID "6202101"]
[Black "Sajjapornthep Jarunpol"]
[Result "1-0"]
[BlackElo "1909"]
[WhiteElo "2328"]
[LiveChessVersion "1.4.8"]

1. c4 {[%clk 1:30:48]} c5 {[%clk 1:30:45]} 2. Nc3 {[%clk 1:31:11]} Nc6
{[%clk 1:31:04]} 3. g3 {[%clk 1:31:35]} g6 {[%clk 1:30:10]} 4. Bg2
{[%clk 1:31:58]} Bg7 {[%clk 1:30:35]} 5. a3 {[%clk 1:30:54]} Nf6 {[%clk 1:30:32]}
6. Rb1 {[%clk 1:31:14]} e6 {[%clk 1:26:05]} 7. e4 {[%clk 1:30:36]} a6
{[%clk 1:25:06]} 8. Nge2 {[%clk 1:30:30]} Rb8 {[%clk 1:24:20]} 9. b4
{[%clk 1:30:18]} b6 {[%clk 1:24:11]} 10. O-O {[%clk 1:30:14]} O-O
{[%clk 1:24:28]} 11. d3 {[%clk 1:30:35]} d6 {[%clk 1:23:34]} 12. h3
{[%clk 1:30:38]} Bb7 {[%clk 1:21:46]} 13. Be3 {[%clk 1:29:02]} Ne5
{[%clk 1:19:47]} 14. f4 {[%clk 1:28:57]} Ned7 {[%clk 1:19:10]} 15. Bf2
{[%clk 1:27:06]} Nh5 {[%clk 1:18:44]} 16. b5 {[%clk 1:24:38]} a5 {[%clk 1:15:56]}
17. Qd2 {[%clk 1:24:39]} f5 {[%clk 1:15:47]} 18. exf5 {[%clk 1:22:16]} Bxg2
{[%clk 1:15:38]} 19. Kxg2 {[%clk 1:22:40]} exf5 {[%clk 1:15:41]} 20. Qe3
{[%clk 1:17:02]} Re8 {[%clk 1:13:14]} 21. Qf3 {[%clk 1:17:22]} Nhf6
{[%clk 1:13:15]} 22. g4 {[%clk 1:16:33]} fxg4 {[%clk 1:12:55]} 23. hxg4
{[%clk 1:17:01]} Qe7 {[%clk 1:11:50]} 24. Rbe1 {[%clk 1:16:08]} Qe6
{[%clk 1:11:11]} 25. g5 {[%clk 1:15:11]} Qg4+ {[%clk 1:11:17]} 26. Bg3
{[%clk 1:06:38]} Qxf3+ {[%clk 1:11:12]} 27. Kxf3 {[%clk 1:06:38]} Nh5
{[%clk 1:11:33]} 28. Nd5 {[%clk 1:06:27]} Bb2 {[%clk 1:04:35]} 29. a4
{[%clk 0:57:07]} Kf7 {[%clk 1:01:46]} 30. Bf2 {[%clk 0:55:14]} Re6
{[%clk 0:57:01]} 31. Rb1 {[%clk 0:54:48]} Bg7 {[%clk 0:56:22]} 32. Rh1
{[%clk 0:50:38]} Ree8 {[%clk 0:53:48]} 33. Rbg1 {[%clk 0:46:37]} Rh8
{[%clk 0:48:21]} 34. Be1 {[%clk 0:46:49]} Rbe8 {[%clk 0:47:15]} 35. Nec3
{[%clk 0:46:09]} Bxc3 {[%clk 0:46:22]} 36. Bxc3 {[%clk 0:46:34]} Rhf8
{[%clk 0:46:26]} 37. Rg2 {[%clk 0:42:46]} Kg8 {[%clk 0:45:24]} 38. Kg4
{[%clk 0:42:20]} Rf7 {[%clk 0:41:32]} 39. Rgh2 {[%clk 0:41:20]} Re6
{[%clk 0:37:14]} 40. Rxh5 {[%clk 0:51:08]} gxh5+ {[%clk 1:05:59]} 41. Rxh5
{[%clk 0:51:35]} h6 {[%clk 1:02:16]} 42. f5 {[%clk 0:51:08]} Ne5+
{[%clk 0:57:46]} 43. Bxe5 {[%clk 0:51:21]} Rxe5 {[%clk 0:58:04]} 44. g6
{[%clk 0:50:39]} Rf8 {[%clk 0:55:56]} 45. f6 {[%clk 0:39:26]} Rxd5
{[%clk 0:56:14]} 46. f7+ {[%clk 0:39:54]} Kg7 {[%clk 0:55:48]} 47. Rxd5
{[%clk 0:40:21]} Rd8 {[%clk 0:55:59]} 48. Kf5 {[%clk 0:40:31]} Rh8
{[%clk 0:54:25]} 49. Rxd6 {[%clk 0:33:55]} h5 {[%clk 0:54:37]} 50. Re6
{[%clk 0:34:06]} h4 {[%clk 0:53:24]} 51. Re8 {[%clk 0:21:55]} 1-0

[Event "WCO 2016"]
[Site "?"]
[Date "2016.09.11"]
[Round "9"]
[Board "25"]
[WhiteID "4403177"]
[White "Arenas David"]
[BlackID "3000010"]
[Black "Rodriguez Vila Andres"]
[Result "1-0"]
[BlackElo "2453"]
[WhiteElo "2490"]
[LiveChessVersion "1.4.8"]

1. e4 {[%clk 1:30:52]} d6 {[%clk 1:30:51]} 2. d4 {[%clk 1:31:04]} Nf6
{[%clk 1:31:15]} 3. Nc3 {[%clk 1:31:26]} g6 {[%clk 1:31:40]} 4. f4
{[%clk 1:30:36]} Bg7 {[%clk 1:31:57]} 5. Nf3 {[%clk 1:30:50]} O-O
{[%clk 1:32:21]} 6. Bd3 {[%clk 1:31:11]} Na6 {[%clk 1:32:43]} 7. O-O
{[%clk 1:31:02]} c5 {[%clk 1:33:09]} 8. d5 {[%clk 1:31:13]} Rb8 {[%clk 1:33:26]}
9. Kh1 {[%clk 1:27:23]} Nb4 {[%clk 1:27:17]} 10. Bc4 {[%clk 1:20:23]} e6
{[%clk 1:21:40]} 11. dxe6 {[%clk 0:56:59]} Bxe6 {[%clk 1:21:54]} 12. Bxe6
{[%clk 0:57:19]} fxe6 {[%clk 1:22:22]} 13. Ng5 {[%clk 0:57:32]} Qe7
{[%clk 1:20:21]} 14. f5 {[%clk 0:55:13]} exf5 {[%clk 1:19:25]} 15. exf5
{[%clk 0:54:45]} gxf5 {[%clk 1:19:47]} 16. Bf4 {[%clk 0:52:24]} Rbd8
{[%clk 1:11:19]} 17. a3 {[%clk 0:30:58]} Nc6 {[%clk 1:10:58]} 18. Nd5
{[%clk 0:31:12]} Qd7 {[%clk 1:09:58]} 19. Nxf6+ {[%clk 0:28:47]} Rxf6
{[%clk 1:10:19]} 20. Qd5+ {[%clk 0:28:58]} Kh8 {[%clk 1:10:42]} 21. Rae1
{[%clk 0:28:48]} Re8 {[%clk 0:57:35]} 22. Rd1 {[%clk 0:24:26]} h6
{[%clk 0:49:31]} 23. Nf3 {[%clk 0:24:48]} Re2 {[%clk 0:36:40]} 24. Qd3
{[%clk 0:21:21]} Re4 {[%clk 0:36:33]} 25. Bxd6 {[%clk 0:17:21]} Rd4
{[%clk 0:36:25]} 26. Nxd4 {[%clk 0:17:05]} Rxd6 {[%clk 0:36:50]} 27. Qxf5
{[%clk 0:16:32]} cxd4 {[%clk 0:37:15]} 28. Qh5 {[%clk 0:13:21]} Rd5
{[%clk 0:35:12]} 29. Qe2 {[%clk 0:11:38]} Re5 {[%clk 0:34:42]} 30. Qd3
{[%clk 0:11:21]} Qe6 {[%clk 0:30:25]} 31. Rd2 {[%clk 0:08:58]} Re3
{[%clk 0:14:08]} 32. Qb5 {[%clk 0:09:15]} b6 {[%clk 0:13:39]} 33. Qh5
{[%clk 0:07:36]} Qf6 {[%clk 0:10:56]} 34. Kg1 {[%clk 0:03:54]} Qe5
{[%clk 0:09:40]} 35. Qf7 {[%clk 0:02:19]} Qg5 {[%clk 0:05:18]} 36. Rdf2
{[%clk 0:01:56]} Ne5 {[%clk 0:04:52]} 37. Qxa7 {[%clk 0:01:38]} Ng4
{[%clk 0:05:15]} 38. Rf5 {[%clk 0:01:10]} Qh4 {[%clk 0:04:29]} 39. h3
{[%clk 0:01:05]} Ne5 {[%clk 0:02:30]} 40. R5f2 {[%clk 0:30:59]} d3
{[%clk 0:32:08]} 41. cxd3 {[%clk 0:29:57]} Nxd3 {[%clk 0:26:24]} 42. Rf8+
{[%clk 0:25:21]} Kh7 {[%clk 0:25:47]} 43. R8f7 {[%clk 0:25:46]} Rg3
{[%clk 0:25:45]} 44. Qd7 {[%clk 0:20:25]} Qe4 {[%clk 0:22:37]} 45. R1f3
{[%clk 0:16:59]} Rxf3 {[%clk 0:05:03]} 46. Rxg7+ {[%clk 0:17:24]} Kh8
{[%clk 0:05:30]} 47. gxf3 {[%clk 0:17:50]} Qe1+ {[%clk 0:02:32]} 48. Kh2
{[%clk 0:18:18]} Qd2+ {[%clk 0:02:23]} 49. Rg2 {[%clk 0:18:08]} Qf4+
{[%clk 0:02:51]} 50. Kh1 {[%clk 0:17:52]} Qc1+ {[%clk 0:03:19]} 51. Rg1
{[%clk 0:17:56]} Nf2+ {[%clk 0:03:46]} 52. Kh2 {[%clk 0:18:11]} Qf4+
{[%clk 0:03:35]} 53. Rg3 {[%clk 0:18:38]} 1-0